| 000 | 01154nam0a22002891 4500 | ||
|---|---|---|---|
| 001 | v19\rc\1983601 | ||
| 005 | 20251118181213.3 | ||
| 035 | _a(NLR Aleph) 005066456 | ||
| 090 |
_a7050215 _c7050215 |
||
| 100 | _a20080623d1914 u y0rusy50 ca | ||
| 101 | 0 | _arus | |
| 102 | _aRU | ||
| 105 | _aa z ||||| | ||
| 200 | 1 |
_aКурс "Части машин и механизмов", читанный в Интендантской академии в 1913-1914 гг. _fПроф. А.М. Самусь |
|
| 210 |
_aСанкт-Петербург _cИнтендант. акад. _d1914 |
||
| 215 |
_a[2], 180 с., LV л. черт. _d31 |
||
| 309 | _aНапеч. на пиш. маш. Литогр. | ||
| 532 | 1 | 3 | _aКурс Части машин и механизмов, читанный в Интендантской академии в 1913-1914 гг. |
| 700 | 1 |
_aСамусь _bА.М. _f1856-1936 _gАлександр Максимович |
|
| 801 | 0 |
_aRU _bNLR _gpsbo |
|
| 801 | 0 |
_aRU _bRuMoRGB _2psbo |
|
| 801 | 1 |
_aRU _bProSoft-M _2rusmarc |
|
| 852 |
_aNLR _jЛ36/Б-7/11 |
||
| 899 |
_aRuMoRGB _jC 53/116 |
||
| 899 |
_aRuMoRGB _jU 221/1049 |
||
| 942 | _cBOOK | ||
| 980 | _aNB | ||